Statistics for Regional Flags

Click here to take the quiz!

General Stats

  • This quiz has been taken 80 times
  • The average score is 8 of 12

Answer Stats

Answer% Correct
England
100%
Quebec
93%
Texas
93%
Hong Kong
92%
Bavaria
80%
Moscow
76%
Rio de Janeiro
73%
Tokyo
73%
Bali
47%
Cuzco
43%
Victoria
43%
Tigray
28%

Score Distribution

Percentile by Number Answered

Percent of People with Each Score

Your Score History

You have not taken this quiz